[Event "Young Talents Mukachevo 2020"]
[Site "Mukachevo"]
[Date "2020.11.26"]
[Round "6.1"]
[White "Petrovskiy, Vadim"]
[Black "Lymar, Vladislav"]
[Result "1-0"]
[WhiteElo "2108"]
[BlackElo "2147"]
[Annotator "TA"]
[PlyCount "103"]
[EventDate "2020.11.23"]
[EventType "tourn"]
[EventCountry "UKR"]
[SourceTitle "playchess.com"]
[Source "ChessBase"]
[SourceQuality "1"]

{[%evp 14,103,0,10,36,40,31,30,21,0,20,0,0,0,14,17,17,-15,0,-14,0,0,22,10,19,14,31,21,69,46,37,1,47,33,48,49,78,71,81,56,77,29,45,38,54,29,50,56,44,49,64,56,74,47,53,54,86,70,99,84,122,112,150,147,166,139,158,142,138,30,364,360,362,365,350,341,383,297,443,436,689,660,690,705,714,696,971,967,908,908,29996,29997]} 1. e4 c5 2. Nf3 g6 3. d4 cxd4 4. Nxd4 Nc6 5. Nc3 Bg7 6. Be3 Nf6 7. Bc4 O-O 8. Bb3 Re8 {B35: Sicilian: Accelerated Dragon with 5 Nc3: main line.} 9. O-O d6 10. h3 Na5 {White has an edge.} 11. Qd2 b6 12. Rfe1 Bb7 13. Bh6 {next Bxf7+ is good for White.} Bh8 14. Rad1 {[#]} Rc8 $146 ({Predecessor:} 14... Nxb3 15. axb3 Rc8 16. Nf3 Qc7 17. Ng5 a6 18. Qf4 b5 19. Rd2 e5 20. Qh4 Qe7 {1-0 (28) Kovalev,V (2651)-Jojua,D (2563) Minsk 2019}) 15. Qg5 Nxb3 16. axb3 Rc5 17. Qd2 Qa8 {[%cal Rf6e4]} 18. f3 Qb8 19. Qf2 Nh5 20. Nde2 Qc8 21. Be3 (21. Ra1 {with more complications.} Qb8 22. Ra2 Bc8 23. Rea1 Rc7 24. Nc1) 21... Rc7 22. Bd4 (22. Rd2 {feels hotter.} Qb8 23. Ra1 Rd7 24. Rad1 Rdd8 25. Nb5) 22... Bxd4 (22... e5 {seems wilder.} 23. Be3 Rd7 24. Ra1 Bc6 25. Qh4 Bf6) 23. Qxd4 Ng7 24. Qe3 Rc5 25. Nf4 Qb8 26. Nd3 Rcc8 27. Qh6 b5 28. b4 a6 29. Qe3 Qc7 30. Nf2 Qc4 $1 31. Rd4 $36 {[%mdl 2048] White has good play.} Qe6 32. Qd2 f6 33. Ng4 h5 34. Ne3 Kh7 35. f4 Qf7 36. f5 Rg8 37. Ncd5 {[%cal Bc3d5,Bd5f4,Bf4h3][%mdl 32] Strongly threatening fxg6+.} g5 {[#]} 38. h4 $1 Ne8 39. hxg5 Rxg5 40. Nf4 Nc7 41. g4 ({White should try} 41. Rf1 $16) 41... Kg7 $2 {[%mdl 8192] Black cannot hold the game after this.} (41... Re8 $11) 42. Nh3 $18 Rxg4+ 43. Nxg4 hxg4 44. Nf4 Rh8 45. Re3 Kg8 (45... Qg8 {might work better.} 46. Rc3 Na8) 46. Rg3 Qh7 (46... Qg7 $142 47. Ng6 Rh7 48. Rxg4 Kf7) 47. Rxg4+ Kf7 {aiming for ...Bxe4!} 48. Qg2 Qh6 49. Rd3 Bxe4 50. Qxe4 Qh2+ 51. Kf1 {Rg7+! is the strong threat.} Qxc2 {[#]} 52. Rg7+ $1 {[%mdl 576] Decoy.  Weighted Error Value: White=0.14/Black=0.51} 1-0

[Event "Young Talents Mukachevo 2020"]
[Site "Mukachevo"]
[Date "2020.11.26"]
[Round "6.2"]
[White "Prokofiev, Valentyn"]
[Black "Lozynskyi, Bohdan"]
[Result "1/2-1/2"]
[WhiteElo "2095"]
[BlackElo "2077"]
[Annotator "TA"]
[PlyCount "120"]
[EventDate "2020.11.23"]
[EventType "tourn"]
[EventCountry "UKR"]
[SourceTitle "playchess.com"]
[Source "ChessBase"]
[SourceQuality "1"]

{[%evp 19,120,17,22,0,16,5,11,0,10,0,8,8,8,0,0,-12,0,-21,9,0,0,-18,-21,-21,0,0,0,0,0,1,29,28,28,28,28,28,28,16,28,16,28,16,16,16,28,28,28,28,29,29,52,52,52,51,52,52,52,51,52,52,52,52,52,52,52,52,52,52,52,52,52,51,51,39,51,39,39,39,40,40,56,0,56,56,56,56,55,0,56,30,56,56,56,56,56,56,56,56,56,56,56,56,56]} 1. d4 d5 2. c4 e6 3. Nf3 Nf6 4. g3 Be7 5. Bg2 O-O 6. O-O dxc4 7. Qc2 a6 8. a4 Bd7 9. Qxc4 Bc6 10. Bg5 $1 {10.Bg5 scores better than 10.Bf4.} Bd5 11. Qc1 {E05: Open Catalan: 5 Nf3 Be7.} h6 12. Bxf6 Bxf6 13. Nc3 {The position is equal.} Bxf3 14. Bxf3 c6 15. Rd1 a5 {[#]} 16. Qd2 $146 ({Predecessor:} 16. e3 Na6 17. Qc2 Nb4 18. Qe2 Qb6 19. Ne4 Be7 {½-½ (20) Eljanov,P (2663)-Kuzubov,Y (2667) Lutsk 2019}) 16... Na6 17. e4 Nb4 18. d5 e5 19. dxc6 bxc6 20. Na2 Qxd2 21. Rxd2 Nxa2 22. Rxa2 Rfd8 23. b3 Rxd2 24. Rxd2 Rd8 25. Rxd8+ Bxd8 $11 {[%mdl 4096] Endgame KB-KB} 26. Bg4 Bg5 27. Bd7 c5 28. Bb5 Kf8 29. Bc4 Ke7 30. Kf1 Bd2 31. Ke2 Bb4 32. Bd5 Kf6 33. Kd3 Be1 34. f3 g5 35. Kc4 Bb4 36. Bb7 Ke7 37. Kd5 Kf6 38. Ba6 Ba3 39. Bc4 Bb4 40. Kd6 Ba3 41. Kd7 Kg7 42. Ke7 f6 43. Ke6 Bc1 44. Bb5 Bd2 45. Kf5 Bc1 46. Kg4 Bd2 47. Bd7 Be3 48. Bc6 Bg1 49. h4 Bf2 50. Kh3 (50. h5 $14) 50... Be1 (50... h5 $11) 51. h5 $14 Bf2 52. Kg2 Be1 53. Kf1 ({Better is} 53. Bd7 $14) 53... Bb4 (53... Bxg3 $11 54. Ke2 Kf8) 54. Ke2 Bc3 55. Kd3 {White is slightly better.} Be1 56. g4 Bb4 57. Kc4 Kf7 58. Kd5 Ke7 59. Bb7 Ba3 60. Bc8 Bb4 {Weighted Error Value: White=0.06/Black=0.09} 1/2-1/2

[Event "Young Talents Mukachevo 2020"]
[Site "Mukachevo"]
[Date "2020.11.26"]
[Round "6.3"]
[White "Osadchuk, Dmitry"]
[Black "Samunenkov, Ihor"]
[Result "0-1"]
[WhiteElo "2173"]
[BlackElo "2142"]
[Annotator "TA"]
[PlyCount "102"]
[EventDate "2020.11.23"]
[EventType "tourn"]
[EventCountry "UKR"]
[SourceTitle "playchess.com"]
[Source "ChessBase"]
[SourceQuality "1"]

{[%evp 19,102,-39,-40,-31,-26,-19,-31,-28,-29,-26,-20,-31,-4,-12,0,0,6,-21,0,-11,-18,-19,-12,-13,0,0,0,0,0,0,0,0,28,-17,-17,-17,-24,-23,-22,-20,-23,-88,-75,-94,-96,-58,-68,-170,-170,-173,-166,-163,-151,-137,-16,-189,-189,-183,-181,-184,-189,-230,-260,-529,-506,-2032,-2045,-2696,-3105,-2538,-2316,-29964,-29966,-29966,-29968,-29968,-29969,-29968,-5362,-29984,-29985,-29985,-29986,-29986,-29986]} 1. e4 c5 2. Nf3 g6 3. d4 cxd4 4. Nxd4 Nc6 5. Be3 Nf6 6. Nc3 Bg7 7. Be2 O-O 8. Qd2 d5 9. exd5 Nxd5 10. Nxd5 Nxd4 11. c4 {B34: Sicilian: Accelerated Dragon with 5 Nc3: sidelines.} Nxe2 12. Qxe2 e6 13. Nc3 {[#] Black is slightly better.} Qa5 $146 ({Predecessor:} 13... b6 14. O-O Bb7 15. c5 bxc5 16. Qb5 Qb6 17. Bxc5 Qxb5 18. Nxb5 Rfc8 19. Bxa7 Ba6 20. a4 Bb7 21. Ra2 {½-½ (21) Fuchs,G (2210)-Hoang,H Menorca 1996}) 14. O-O Bd7 15. Rfd1 Bc6 16. Bd4 Rfd8 17. Bxg7 Kxg7 18. f3 h5 19. h3 Qc5+ 20. Kh1 a5 21. b3 Rd4 22. Qb2 Kg8 23. Rxd4 Qxd4 24. Rd1 Qe5 25. Qd2 Qg3 26. Qe1 (26. Qd4 {with more complications.} Qg5 27. a3 Qf5 28. Kh2 Qg5 29. a4) 26... Qxe1+ 27. Rxe1 $11 {[%mdl 4096] Endgame KRB-KRN} Rd8 28. Rd1 Rxd1+ 29. Nxd1 {KB-KN} Kf8 30. Kg1 (30. Nc3 $11) 30... Ke7 $1 $17 31. Kf2 Kd6 $1 32. Ke3 Kc5 33. Nf2 (33. Kd2 $15) 33... Kb4 $1 $19 34. Kd4 Ka3 35. Nd3 Kxa2 36. Kc3 b5 (36... g5 $1 $17 37. Ne5 f6 38. Nxc6 bxc6) 37. cxb5 $2 {This costs White the game.} (37. b4 $1 $11 {and White stays safe.} a4 38. Ne5) 37... Bxb5 38. Ne5 Bf1 39. h4 Bxg2 {And now ...g5! would win.} 40. f4 Bd5 $1 {[%cal Rd5b3]} 41. Nc4 $2 {[#]} (41. b4 a4 42. b5) 41... e5 $1 42. fxe5 {[#]} (42. Nxe5 $142 Bxb3 43. Nf3) 42... g5 $1 {[%mdl 512]} 43. hxg5 {[#]} h4 $1 {[%cal Rh4h3]} 44. Kd4 h3 45. Kxd5 {KN-K3P} h2 46. Kd6 h1=Q 47. Nxa5 Qh4 48. Nc6 Kxb3 49. Nd8 Qd4+ {Black mates.} 50. Ke7 Qxe5+ {[%mdl 64] Double Attack} 51. Kxf7 Qxg5 {Weighted Error Value: White=0.74/Black=0.08} 0-1

[Event "Young Talents Mukachevo 2020"]
[Site "Mukachevo"]
[Date "2020.11.27"]
[Round "7.1"]
[White "Osadchuk, Dmitry"]
[Black "Petrovskiy, Vadim"]
[Result "1/2-1/2"]
[WhiteElo "2173"]
[BlackElo "2108"]
[Annotator "TA"]
[PlyCount "117"]
[EventDate "2020.11.23"]
[EventType "tourn"]
[EventCountry "UKR"]
[SourceTitle "playchess.com"]
[Source "ChessBase"]
[SourceQuality "1"]

{[%evp 20,117,11,-10,0,-35,30,14,60,70,79,64,100,15,67,58,97,78,138,44,91,64,133,78,66,21,18,41,28,17,31,-9,0,0,0,0,0,0,0,0,0,0,0,0,0,-37,0,0,0,-6,-15,-16,-17,-17,-18,-39,-27,-28,-24,-26,-27,-36,-36,-48,-43,-65,-49,-84,-70,-70,-71,-306,-306,-286,0,0,0,0,0,0,0,0,0,0,8,8,8,8,139,139,139,139,141,148,148,24,24,29,29977,29967]} 1. e4 c5 2. Nf3 d6 3. d4 cxd4 4. Nxd4 Nf6 5. Nc3 a6 6. Bc4 e6 7. Bb3 Nbd7 8. Be3 Nc5 9. f3 Be7 10. Qd2 Qc7 $1 {10...Qc7 is better than 10...0-0.} 11. O-O-O b5 {B86: Sicilian Scheveningen/Najdorf: 6 Bc4, without early ...b5.} 12. g4 Bb7 (12... Bd7 $15) 13. g5 Nfd7 {The position is equal.} 14. h4 {[#]} O-O-O $146 ({Predecessor:} 14... b4 15. Nce2 Nxb3+ 16. axb3 Qa5 17. Kb1 Rd8 18. Rhe1 O-O 19. h5 d5 20. exd5 Qxd5 {1-0 (41) Casser,A (1391)-Bieszk,S (1205) LSS email 2013}) 15. Kb1 g6 16. a4 (16. a3 $16) 16... bxa4 (16... b4 $11 17. Na2 e5) 17. Bxa4 $14 Nxa4 18. Nxa4 Nc5 (18... d5 $142) 19. Nc3 (19. Qb4 $16) 19... Kb8 20. Nb3 f5 ({Black should play} 20... Nxb3 $14 21. cxb3 Bc6) 21. gxf6 (21. Qd4 $142) 21... Bxf6 $16 22. Bg5 Nxb3 23. cxb3 Rhf8 24. Bxf6 Rxf6 25. e5 Rxf3 26. exd6 Qc5 {Hoping for ...Rf2.} 27. Rhe1 Qf5+ 28. Ka2 Qa5+ 29. Kb1 Qf5+ 30. Ka2 Qa5+ 31. Kb1 Qf5+ 32. Qc2 e5 (32... Rf4 {seems wilder.} 33. Qxf5 exf5 34. h5 Rb4 35. Re7 gxh5 36. Na4 Bf3) 33. Qxf5 Rxf5 34. Na4 e4 35. Nc3 Re5 36. Rd4 e3 37. Rd3 Re6 38. Rexe3 Rxe3 39. Rxe3 Rxd6 $11 {[%mdl 4096] Endgame KRB-KRN} 40. Re7 h5 41. Rg7 Bc8 42. Ne2 Bf5+ 43. Ka2 Rd7 44. Rxd7 Bxd7 $15 {KB-KN} 45. Ka3 $2 (45. Kb1 $17) 45... Kc7 $19 46. Kb4 Kb6 $2 (46... Kd6 $19 47. Ka5 Bf5) 47. Nf4 $11 Bf5 48. Kc4 Kc6 49. b4 Kd6 {White must now prevent ...Ke5.} 50. Kd4 Bb1 51. Nd5 Ke6 52. Nc7+ {[%mdl 64] [#] Double Attack} Kf5 53. Nxa6 {And now Nc5 would win.} Kg4 (53... g5 $11 {keeps the balance.}) 54. b5 $16 {aiming for b6.} Bf5 55. b6 Bc8 56. Nc5 {Threatens to win with Ke5.} Kxh4 {[#]} 57. b7 (57. Kd5 $1 $16 {[%cal Rd5d6]} Kg4 58. Kd6) 57... Bxb7 $1 $11 58. Nxb7 Kg3 $2 {[%mdl 8192]} (58... Kg4 $11) 59. Nc5 {[%mdl 32768] White used his chance.  Weighted Error Value: White=0.27/Black=0.34. An unexpected result.} 1/2-1/2

[Event "Young Talents Mukachevo 2020"]
[Site "Mukachevo"]
[Date "2020.11.27"]
[Round "7.2"]
[White "Samunenkov, Ihor"]
[Black "Prokofiev, Valentyn"]
[Result "1-0"]
[WhiteElo "2142"]
[BlackElo "2095"]
[Annotator "TA"]
[PlyCount "75"]
[EventDate "2020.11.23"]
[EventType "tourn"]
[EventCountry "UKR"]
[SourceTitle "playchess.com"]
[Source "ChessBase"]
[SourceQuality "1"]

{[%evp 18,75,0,4,16,14,18,19,65,77,64,68,76,75,101,43,94,86,60,32,120,100,117,90,130,45,384,391,379,379,379,379,385,390,397,381,369,300,276,293,329,297,379,364,371,371,360,358,300,326,341,327,320,315,302,289,347,350,867,850]} 1. d4 Nf6 2. g3 e6 3. Bg2 d5 4. Nf3 Be7 5. c4 O-O 6. O-O dxc4 7. Qa4 a6 8. Qxc4 b5 9. Qc2 Bb7 10. Bd2 Bd6 {E05: Open Catalan: 5 Nf3 Be7.} 11. Re1 Be4 12. Qc1 Nbd7 {The position is equal.} 13. Ba5 Rc8 14. Nbd2 Ba8 15. e4 {Hoping for e5.} e5 16. Qc2 {[#]} (16. dxe5 $16 Bxe5 17. Bh3) 16... Qe8 $146 (16... Qe7 $14) ({Predecessor:} 16... Qe7 17. dxe5 Nxe5 18. Nd4 g6 19. f4 Bc5 20. N2b3 Nc4 21. Bc3 Bb6 22. Kh1 Ng4 {0-1 (43) Wunder,N (2100)-Hofmann,M (2219) Wuerttemberg 2017}) 17. dxe5 Nxe5 18. Nd4 c5 ({Black should try} 18... Qd7 $14) 19. Nf5 $16 Bb8 20. f4 Nc6 21. Bc3 (21. e5 $16 Nd4 22. Qd3) 21... Nd4 $2 {[%mdl 8192] Black cannot hold the game after this.} ({Black should play} 21... Qe6 $1 $14) 22. Bxd4 $18 cxd4 {[#]} 23. Qxc8 $1 {[%mdl 576] Deflection, Decoy} Qxc8 24. Ne7+ {[%mdl 64] Double Attack} Kh8 25. Nxc8 Rxc8 26. Rac1 Rd8 27. h3 d3 {intending ...Nh5.} 28. Rc3 Nh5 29. Nf1 g5 30. Rd1 gxf4 31. Rcxd3 Rg8 32. Rd8 {Strongly threatening Rxg8+.} Bc7 33. Rxg8+ Kxg8 34. Rc1 Bb6+ 35. Kh2 Bb7 36. g4 Nf6 37. e5 {[%mdl 64] Discovered Attack} Bxg2 $2 (37... f3) 38. Rc8+ {Weighted Error Value: White=0.13/Black=0.39} ({Weaker is} 38. exf6 Bb7 $16) 1-0

[Event "Young Talents Mukachevo 2020"]
[Site "Mukachevo"]
[Date "2020.11.27"]
[Round "7.3"]
[White "Lozynskyi, Bohdan"]
[Black "Lymar, Vladislav"]
[Result "0-1"]
[WhiteElo "2077"]
[BlackElo "2147"]
[Annotator "TA"]
[PlyCount "82"]
[EventDate "2020.11.23"]
[EventType "tourn"]
[EventCountry "UKR"]
[SourceTitle "playchess.com"]
[Source "ChessBase"]
[SourceQuality "1"]

{[%evp 9,82,-1,2,3,0,0,20,-15,0,0,0,0,0,0,-5,0,37,35,34,27,20,13,29,24,15,18,32,0,20,26,22,0,7,-10,-17,-47,-56,-63,-56,-85,-65,-61,-49,-50,0,-76,-111,-160,-160,-246,-240,-238,-239,-241,-254,-285,-284,-284,-284,-320,-320,-332,-318,-317,-298,-414,-409,-458,-459,-676,-660,-725,-704,-1086,-1077]} 1. e4 c5 2. Be2 g6 3. f4 Bg7 4. Nf3 d6 5. O-O Nf6 6. d3 {B31: Sicilian: 2...Nc6 3 Bb5 g6.} O-O 7. c3 c4 8. Kh1 {The position is equal.} cxd3 9. Bxd3 b6 10. e5 dxe5 11. fxe5 Ng4 $1 {[#]} 12. Qe2 $146 ({Predecessor:} 12. Nd4 Qc7 13. Bf4 Bxe5 14. Nb5 Qd7 15. Be2 Nc6 16. Bxg4 Qxg4 17. Bxe5 Nxe5 18. Nd2 {0-1 (59) Sangma,R (2180)-Shcherbakov,R (2539) Kolkata 2002}) 12... Bb7 13. Be4 Qc8 14. Na3 Na6 15. Bxb7 Qxb7 16. Bf4 Nc5 17. Nd4 Nh6 18. Qe3 Nf5 19. Nxf5 gxf5 20. Bh6 Qe4 21. Qg3 {[%csl Gh6][%cal Rg3g7]} Qg4 {And now ...Qxg3 would win.} 22. Qe3 Rad8 23. Bxg7 Kxg7 24. h3 Qh5 25. Qf4 e6 26. Nc4 Nd3 27. Qe3 (27. Qg3+ $11 Qg6 28. Qe3) 27... Rd5 $17 28. Kg1 {[#]} b5 $1 $36 {[%cal Rb5c4][%mdl 2048] Black has strong initiative.} 29. Qg3+ (29. Nd6 $17 {might work better.}) 29... Qg6 $19 30. Qxg6+ hxg6 ({Don't play} 30... fxg6 31. Nd6 $17) 31. Na3 Nxe5 32. Rf2 Rfd8 33. Re2 Kf6 34. Nc2 Rd1+ 35. Rxd1 Rxd1+ {[%mdl 4096] Endgame KRN-KRN} 36. Kh2 Nd3 37. Nd4 a6 38. Nc6 e5 {Black is clearly winning.} 39. Nb8 (39. g4 $142 e4 40. gxf5 gxf5 41. Nd4) 39... e4 40. g3 Nc1 {[%mdl 64] [#] Double Attack} 41. Rc2 e3 {Weighted Error Value: White=0.42/Black=0.06} 0-1

[Event "Young Talents Mukachevo 2020"]
[Site "Mukachevo"]
[Date "2020.11.28"]
[Round "8.1"]
[White "Petrovskiy, Vadim"]
[Black "Lozynskyi, Bohdan"]
[Result "1-0"]
[WhiteElo "2108"]
[BlackElo "2077"]
[Annotator "TA"]
[PlyCount "137"]
[EventDate "2020.11.23"]
[EventType "tourn"]
[EventCountry "UKR"]
[SourceTitle "playchess.com"]
[Source "ChessBase"]
[SourceQuality "1"]

{[%evp 25,137,20,33,0,5,-2,-4,-3,28,24,28,27,30,19,16,18,52,26,28,6,12,10,8,0,0,0,0,0,5,0,0,0,0,0,0,0,0,0,12,0,0,0,36,36,36,36,40,29,43,39,49,56,124,112,391,343,362,342,245,211,172,102,123,105,135,80,88,96,139,0,85,0,110,107,93,276,255,165,157,56,67,68,79,77,87,93,118,30,38,29,29,29,29,31,31,31,37,38,38,37,667,626,608,595,580,550,789,810,577,475,29968,29974,29984,29985]} 1. e4 c5 2. Nf3 Nc6 3. d4 cxd4 4. Nxd4 g6 5. c4 Nf6 6. Nc3 d6 7. Be2 Nxd4 8. Qxd4 Bg7 9. Be3 O-O 10. Qd2 a5 11. O-O a4 12. f3 Qa5 13. Rac1 Be6 14. Rfd1 {B36: Sicilian: Maroczy Bind: Gurgenidze System.} Rfc8 15. Nd5 Qxd2 16. Bxd2 {The position is equal.} Bxd5 17. cxd5 Nd7 18. Bb5 Nc5 {[#]} 19. Rb1 $146 ({Predecessor:} 19. Rc2 a3 20. b4 Nb3 21. Rxc8+ Rxc8 22. Ba4 Nxd2 23. Rxd2 Rc1+ 24. Kf2 Rb1 25. Rc2 Bd4+ 26. Ke2 Rxb4 27. Bb3 Bb2 28. Rc4 Rxb3 {0-1 (28) Duran,F (1903)-Gonzalez,A (1962) Medellin 2011}) 19... a3 20. b4 Na6 21. Bd3 Bb2 22. Kf1 Rc7 23. Ke2 Rac8 24. b5 Nc5 25. b6 Rd7 26. Bb5 Rdd8 27. Bc1 Bxc1 28. Rdxc1 Ra8 29. Ke3 Kf8 30. f4 f6 31. Kd4 Kg7 32. g3 h5 33. Re1 Na4 34. Bxa4 Rxa4+ $14 {[%mdl 4096] Endgame KRR-KRR} 35. Kd3 Rc8 36. Rec1 Rxc1 37. Rxc1 $11 {Strongly threatening Rc7. KR-KR} Rb4 38. Rc7 Kf7 (38... Rxb6 $14 39. Rxe7+ Kh6) 39. Rxb7 $16 Rb2 $2 {[%mdl 8192] [#]} (39... Ke8 $16 {was worth a try.}) 40. e5 $1 $18 {[%cal Re5d6][%mdl 512]} fxe5 (40... dxe5 41. fxe5) 41. fxe5 Kf8 42. exd6 exd6 43. Rb8+ ({White should play} 43. Kc4 $18) 43... Kg7 44. b7 {h3 is the strong threat.} Kh7 45. Ke3 (45. Rd8 $142 Rxb7 46. Rxd6) 45... Kg7 $16 46. Kf3 Rb4 47. Ke3 (47. Ke2 $16) 47... Kh7 (47... Rb2 $1 $11 {keeps the balance.} 48. g4 hxg4) 48. Kd3 ({White should try} 48. Ke2 $16) 48... Kg7 (48... Rb2 $1 $11 49. Ke3 Rb4) 49. Kc3 Rb2 50. h3 Rb5 51. Kc4 Rb2 52. h4 (52. Kd3 $16) 52... Rb1 $14 53. Ra8 Rxb7 54. Rxa3 {Black must now prevent Rf3.} Rb2 55. Ra6 Rc2+ {[#]} 56. Kd4 (56. Kb5 $1 $16) 56... Rd2+ $11 57. Ke4 Re2+ $1 58. Kf4 Rf2+ 59. Ke3 Rg2 60. Kf3 Rd2 61. Rxd6 {And now a4 would win. Cut Off at move 61} Rxa2 62. Re6 Rd2 $2 {[%mdl 8192]} (62... Kf7 $14) 63. Ke4 $18 Kf7 {intending ...Re2+.} 64. Ra6 Re2+ 65. Kf4 Rd2 {[#]} 66. Kg5 $1 Rxd5+ 67. Kh6 g5 (67... Rd8 $18 68. Rxg6 Rh8+ 69. Kg5 Ke7 70. Rg7+ Kd6) 68. hxg5 Kg8 69. Ra8+ {Weighted Error Value: White=0.19/Black=0.25} 1-0

[Event "Young Talents Mukachevo 2020"]
[Site "Mukachevo"]
[Date "2020.11.28"]
[Round "8.2"]
[White "Lymar, Vladislav"]
[Black "Samunenkov, Ihor"]
[Result "1/2-1/2"]
[WhiteElo "2147"]
[BlackElo "2142"]
[Annotator "TA"]
[PlyCount "200"]
[EventDate "2020.11.23"]
[EventType "tourn"]
[EventCountry "UKR"]
[SourceTitle "playchess.com"]
[Source "ChessBase"]
[SourceQuality "1"]

{[%evp 14,200,31,22,35,10,13,20,29,0,22,-23,-27,-32,-41,-54,-45,-45,-37,-44,-55,-59,-56,-43,-49,-40,-20,-362,-360,-362,-363,-360,-350,-347,-144,-362,-351,-433,-437,-422,-420,-420,-426,-484,-475,-460,-454,-452,-447,-572,-587,-597,-598,-587,-590,-570,-558,-558,-521,-533,-525,-505,-389,-389,-389,-389,-389,-389,-389,-372,-356,-452,-452,-444,-444,-450,-437,-618,-572,-540,-492,-463,-435,-703,-703,-775,-774,-762,-736,-925,-842,-1112,-1126,-1036,-795,-775,-711,-788,-774,-746,-595,-752,-750,-746,-746,-697,-656,-701,-674,-666,-693,-702,-702,-695,-695,-666,-591,-604,-604,-676,-601,-674,-573,-678,-682,-671,-695,-695,-689,-695,-688,-680,-459,-715,-627,-704,-689,-706,-696,-1084,-1139,-1115,-1109,-1109,-1091,-6083,-5920,-1310,-679,-697,-690,-692,-689,-687,-647,-687,-693,-702,-697,-702,-702,-702,-696,-703,-688,-674,0,-688,-685,-685,-553,-560,-575,-643,-553,-585,-553,-553,-553,-545,-545,-545,-538,-534,-527,-527,-527,-457,-281]} 1. e4 c5 2. Nf3 Nc6 3. d4 cxd4 4. Nxd4 g6 5. Nc3 Bg7 6. Be3 Nf6 7. Bc4 O-O 8. Bb3 Re8 {B35: Sicilian: Accelerated Dragon with 5 Nc3: main line.} 9. f3 e6 10. f4 d6 {The position is equal.} 11. Ndb5 Re7 12. Nxd6 Rd7 $1 {[%cal Rd7d6]} 13. e5 Ne8 14. Nce4 Nxe5 $1 15. fxe5 Bxe5 {[%cal Re8d6][%mdl 64] [#] Double Attack} 16. Bg5 Qb6 {[%cal Re8d6]} 17. Nxe8 Rxd1+ 18. Rxd1 {Rd8! is the strong threat.} Qb4+ {[%mdl 64] Double Attack} 19. Nd2 {[#]} b6 $146 {[%cal Bb7b6,Bb6b5][%mdl 32]} ({Predecessor:} 19... Bd7 20. Nf6+ Bxf6 21. Bxf6 Qf4 22. Nf3 Bc6 23. Bd4 Bxf3 24. O-O Qd6 25. Rxf3 a5 {1-0 (35) Sanchez Aller,F (2345)-Merario Alarcon,A (2406) Linares 2018}) 20. Nf6+ $2 {[%mdl 8192]} (20. O-O $1 $11 Ba6 21. Nf6+ Bxf6 22. Bxf6 Bxf1 23. Nxf1) 20... Bxf6 $19 {[%mdl 64] Overworked Piece} 21. Bxf6 {Hoping for 0-0.} Qf4 22. Be7 Ba6 {[%cal Rf4e3]} 23. c4 Qe3+ 24. Kf1 {[#]} b5 $1 25. c5 b4+ 26. Bc4 Bxc4+ ({Don't do} 26... Qf4+ 27. Nf3 $19) 27. Nxc4 Qf4+ {[%mdl 64] Double Attack} 28. Ke1 {next b3 is good for White.} Qxc4 29. Rf1 Re8 30. Bd6 e5 31. Rf2 e4 32. b3 Qc3+ 33. Kf1 e3 34. Re2 Re4 35. g3 Rd4 36. Rde1 Rd2 37. Bf4 Rxe2 38. Rxe2 {[%mdl 4096] Endgame KQ-KRB} Qc1+ 39. Kg2 Qxc5 40. Bxe3 Qd5+ 41. Kf2 a6 42. h4 h5 43. Rd2 Qf5+ 44. Kg1 f6 45. Rf2 (45. Bb6 $142) 45... Qd3 46. Bf4 Kf7 47. Kh2 Ke6 48. Bb8 (48. Bh6 $142 Qd4 49. Re2+ Kf5 50. Be3) 48... g5 49. hxg5 fxg5 50. Ba7 Qe4 51. Bb8 Qb7 52. Re2+ Kf5 53. Bd6 Qf3 54. Rg2 Qg4 55. Rf2+ Ke6 56. Bb8 Kd5 57. Ba7 h4 58. gxh4 Qxh4+ 59. Kg2 Qg4+ 60. Kh2 Ke4 61. Bb8 {Cut Off at move 61} Qh4+ 62. Kg1 Qh8 63. Bd6 Qd4 64. Bg3 Ke3 65. Kh2 Qg4 66. Kg2 Qh5 67. Bb8 Qh7 68. Bg3 Qd7 69. Kh2 Qc6 70. Kg1 g4 71. Bf4+ Ke4 72. Bg3 Qh6 73. Bb8 (73. Rf7 $142) 73... Qh7 74. Rf4+ Ke3 75. Rf2 Qh3 76. Rc2 Qf3 {White must now prevent ...Qd1+.} 77. Rg2 Qd1+ 78. Kh2 Qd8 79. Ba7+ Kf4 80. Rf2+ Kg5 {Threatens to win with ...Qc7+.} 81. Be3+ Kh4 82. Bf4 Qd3 {( -> ...g3+)} 83. Rg2 Qf1 84. Bg3+ Kg5 85. Bc7 Kf5 86. Bb8 Qd1 87. Rf2+ Ke4 88. Bg3 Kd3 89. Kg2 Ke4 $2 ({Black should play} 89... Qc1 $19 {aiming for ...Qe3.} 90. Bf4 Qe1) 90. Rf4+ $2 {[%mdl 8192]} (90. Kh2 $11 a5 91. Rf4+ Ke3 92. Rf2) 90... Ke3 {Black is clearly winning.} 91. Rf2 Qd5+ 92. Kg1 a5 93. Bf4+ Ke4 94. Bg3 Qh5 95. Bb8 Qc5 96. Bg3 Qc6 97. Rf4+ Ke3 98. Rf2 a4 99. bxa4 Qxa4 100. Bf4+ Ke4 {[%mdl 32768] White got outplayed after the opening.  Weighted Error Value: White=0.45/Black=0.15. An unexpected result.} 1/2-1/2